00273nam a2200121Ia 4500008004100000082001400041100002100055245001800076250000800094260002100102300001000123650001800133150201s2012 xx 000 0 und d a611bH12C aCHAURASIA , B.D. aHUMAN ANATOMY a5TH bCBSaDELHIc2012 a1-296 aHUMAN ANATOMY